Quizzes
Events
Quiz Creation
Community
Videos
Private Events
Remove Ads
Sign In
Join for FREE
Feedback
Dark Mode
Quiz Categories
Sports
Geography
Music
Movies
Television
Just For Fun
Miscellaneous
History
Literature
Language
Science
Gaming
Entertainment
Religion
Holiday
For Kids
Quiz Lab
Recent
Popular Today
Quiz Kudos Today
Editor Picks
Curator Picks
Quizzes by...
Day
Popularity
Type
Ratings
Length
Year
Community
Subscriptions
Recent Discussions
Orange Saloon
Badges
Playlists
Quests
Create
Leaderboards
Showdown
Live 5
Trivia Bingo
Activity
Puzzle Library
Sporcle Events
Private Events
Virtual Trivia
Globe League
Become a Host
Pub Owners
SporcleCon
Opinionation
Our Games
Videos
Blog
Mobile Apps
Partnerships
Remove Ads and Go Orange
Feedback
Sports
Athletes
MLB
NBA
NHL
NFL
Soccer
Sports Teams
WWE
NCAA
Football
Premier League
Basketball
Baseball
Hockey
Golf
Tennis
Cricket
Rugby
Auto Racing
Olympics
World Cup
Sports
Athletes
MLB
NBA
NHL
NFL
Soccer
Sports Teams
WWE
NCAA
Football
Premier League
Basketball
Baseball
Hockey
Golf
Tennis
Cricket
Rugby
Auto Racing
Olympics
World Cup
Random Quiz
Search Sporcle
×
Quiz Lab
Quiz Lab
Sports
Football
Click on answers out of a set of options
Click on answers out of a set of options
Multiple Choice
Best Score? Go Orange.
John O'Shea Bio Stats
How much do you know about retiring defender John O'Shea?
By
FootballChannel
8m
11 Questions
209 Plays
209 Plays
209 Plays
Comments
Comments
Give Quiz Kudos
Give Quiz Kudos
-
- Ratings
hide this ad
Forced Order
Questions have to be entered in order without skipping
Questions have to be entered in order without skipping
Replay
Link that replays current quiz
Next Quiz
Link to next quiz in quiz playlist
You Got
0%
They Got
Avg Score
54%
Avg Friend Score
Upgrade to see
Score Distribution
Jump to the score distribution portion of the page
Score
0/11
Timer
08:00
0
Plays Today
Question
Answer
Wrong Answers
John O'Shea was born in which country?
???
92.3%
???
6.3%
???
0.7%
???
0.7%
Coming to England at the age of 17, O'Shea joined which Premier League club?
???
73.2%
???
11.3%
???
9.9%
???
3.5%
For which club did O'Shea make the most league appearances?
???
72.5%
???
4.2%
???
12.7%
???
2.1%
In 2001 O'Shea was sent on loan to which Belgian side?
???
71.1%
???
10.6%
???
7%
???
4.2%
In 2007 O'Shea was put in goal during United's league game against Tottenham to replace which injured goalkeeper?
???
53.5%
???
26.1%
???
8.5%
???
4.2%
How many first team appearances did O'Shea make for the Red Devils in all competitions?
???
42.3%
???
20.4%
???
27.5%
???
6.3%
How many trophies did O'Shea win at Manchester United?
???
42.3%
???
35.9%
???
12.7%
???
5.6%
Against whom did O'Shea make his Republic of Ireland debut in 2001?
???
34.5%
???
18.3%
???
21.8%
???
17.6%
O'Shea played for how many different clubs during his senior career?
???
31%
???
29.6%
???
21.8%
???
16.9%
Against whom did O'Shea score his first goal for Sunderland?
???
26.1%
???
28.2%
???
16.2%
???
21.8%
O'Shea is one of the most decorated Irish players of all time, with only ____ players having accrued more honours.
???
21.1%
???
47.2%
???
23.9%
???
2.1%
Quiz Playlist
Details
Report
Send in Message
Add To Playlist
Multiple Choice:
Click on answers out of a set of options
Forced Order:
Questions have to be entered in order without skipping
Last Updated: Jun 15, 2019
Quiz Scoreboard
CHALLENGE
Sign Up to Join the Scoreboard
Show All
Scores
Hide
Comments
May contain spoilers
Recently Published
College Basketball Coaching Resumes
by pancakes188
Sports
9m
Billboard Blitz: Fleetwood Mac
by CooCooCachoo
Music
15s
Presidents Visiting Landmarks
by Hejman
History
7m
More to Explore
Quiz From the Vault
Featured Blog Post
Where Did the Easter Bunny Come From?
hide this ad
You Might Also Like...
Tags
Football Quiz
Premier League Quiz
Soccer Quiz
English Football
English Soccer
FIFA
Football Clubs
Football League
Football Team
Manchester United
Sunderland
Today's Top Quizzes in Sports
Browse Sports
hide this ad
Today's Top Quizzes in Football
Browse Football
Top Contributed Quizzes in Sports
1
2022 World Cup Stars
2
Les meilleurs buteurs des matchs entre le PSG et l’OM
3
FIFA Club World Cup Champions
4
Les entraîneurs de l'OM et du PSG au 21e siècle
5
Criteria MLB: Left Handed Sluggers
6
AFC Teams Reveal (Wrong Answers Minefield)
7
5-to-1: UK Sports Teams
8
5-to-1: FBS Animal Nicknames
9
2023 MLB Unique Player Accomplishments
10
Name the Premier League winners with different clubs
Explore More
Trending Topics
Anime
Kpop
Harry Potter
NBA
Marvel
Crossword
Disney
WWE
Country
Song
Puzzle
Soccer
NFL
The Office
Pokémon
hide this ad
More By:
FootballChannel
Quiz
Plays
Rating
Category
Featured
Created
Footballers by FIFA Representation
12,126
4.21
Sports
Jun 6, 2019
Ajax Transfer Profits
6,672
5.00
Sports
Jun 10, 2019
Real Madrid Most Expensive Signings
4,807
4.70
Sports
Jul 9, 2019
Most Expensive Chinese Super League Transfers
3,119
5.00
Sports
Jun 19, 2019
Most Expensive Football Transfers
2,951
4.55
Sports
Oct 27, 2016
Go to Creator's Profile
Score Distribution
Quiz Creator Spotlight
FootballChannel
Follow
Send a Message
Quizzes Created
-
Created Quiz Play Count
-
More By This Creator
Popular Quizzes Today
1
Find the US States - No Outlines Minefield
2
Find the Countries of Europe - No Outlines Minefield
3
The Countries of the World
4
Find the US States
5
Risky Map Clicking: Biggest States A-Z
6
US States
7
Popular People in 1961
8
Movies - When Are They Set?
More Sports Quizzes
AL WAR leaders by Position 2000-2019
Quiz Lab
Trending Quizzes
Risky Map Clicking: Least Populous States A-Z
1-10 Letter G Words
1-10 Letter F Words
Risky Map Clicking: Next State Alphabetically
Risky Map Clicking: Biggest States A-Z
Recently Updated
Leaping Animals
pecheneg
Reality TV Shows (A-Z)
bhenderson79
Rickey Henderson's Hall of Fame Teammates
pecheneg
Champions League XIs: Arsenal
pecheneg
Quick Pick: Celebrities in WWE's Hall of Fame
aduchscher
A-Z Keypad Blitz II
pecheneg
Multiple Oscar Actors
pecheneg
Mystery Phrase Blitz: Oscar 'Best Actors'
pecheneg
F. Scott Fitzgerald Novels
LTH
Pick 3 Villains
ddd62291
Trending Topics
Kpop
NBA
Disney
Marvel
Anime
Crossword
Harry Potter
Country
Soccer
Song
NFL
Puzzle
The Office
Pokémon
WWE
Your Account Isn't Verified!
In order to create a playlist on Sporcle, you need to verify the email address you used during registration. Go to your
Sporcle Settings
to finish the process.
Report this User
Report this user for behavior that violates our
Community Guidelines
.
Details:
Send Report
Go to the Sporcle.com Mobile Site →
Comments